Szczegóły MARC21

Lud Przymierza /

003 -Nazwa inst., której nr kontr. jest w polu 001 [,]
    • @
    • Nazwa instytucji, której n kontrolny jest w polu 001
    • NUKAT
005 -DATA I CZAS OSTATNIEJ MODYFIKACJI [,]
    • @
    • pole kontrolne
    • 20250218174943.0
020 -Międzynarod. znormalizowany nr książki - ISBN [ , ]
    • a
    • Numer ISBN
    • 8385124969 Find
040 -Instytucja sporządzająca opis [ , ]
    • a
    • Instytucja, która sporządziła opis (NP)
    • LUBL M/AS
    • c
    • Instytucja, która sporządziła rekord (NP)
    • LUBL M/AS
    • d
    • Instytucja, która zmodyfikowała rekord (P)
    • LUBL M/JD
    • d
    • Instytucja, która zmodyfikowała rekord (P)
    • TOR U/AWZs
    • d
    • Instytucja, która zmodyfikowała rekord (P)
    • KR 295/SP
942 -Rodzaj dokumentu [ , ]
    • c
    • Rodzaj dokumentu
    • Książka
100 -Hasło główne - nazwa osobowa [1, ]
    • a
    • Nazwa osobowa (NP)
    • Czajkowski, Michał
    • d
    • Daty biograficzne (NP)
    • (1934-2025).
    • 9
    • KHW
    • 232797
245 -Strefa tytułu i oznaczenia odpowiedzialności [1,0]
    • a
    • Tytuł
    • Lud Przymierza / Find
    • c
    • Pozostałe elementy strefy tytułu i oznaczenia odpowiedzialności (NP)
    • Michał Czajkowski.
260 -Strefa adresu wydawniczego [ , ]
    • a
    • Miejsce wydania (P)
    • Warszawa :
    • b
    • Nazwa wydawcy (P)
    • Biblioteka "Więzi",
    • c
    • Data wydania (P)
    • 1992.
300 -Strefa opisu fizycznego [ , ]
    • a
    • Określenie formy książki i/lub objętość (NP)
    • 128 s. ;
    • c
    • Format (NP)
    • 21 cm.
336 -Typ zawartości [ , ]
    • a
    • Termin opisujący typ zawartości
    • Tekst
    • b
    • Kod określający zawartość
    • txt
    • 2
    • Źródło (terminu i kodu)
    • rdacontent
337 -Typ mediów [ , ]
    • a
    • Tryb odtwarzania
    • Bez urządzenia pośredniczącego
    • b
    • Kod typu mediów
    • n
    • 2
    • Źródło (terminu i kodu)
    • rdamedia
338 -Typ/rodzaj nośnika [ , ]
    • a
    • Hasło opisujące typ nośnika
    • Wolumin
    • b
    • Kod typu nośnika
    • nc
    • 2
    • Źródło (terminu i kodu)
    • rdacarrier
380 -Deskryptor - Forma dzieła (P) [ , ]
    • a
    • forma dzieła (NP)
    • Książki
380 -Deskryptor - Forma dzieła (P) [ , ]
    • a
    • forma dzieła (NP)
    • Literatura faktu, eseje, publicystyka
388 -Deskryptor - czas powstania dzieła (P) [1, ]
    • a
    • Czas powstania dzieła (NP)
    • 1901-2000
388 -Deskryptor - czas powstania dzieła (P) [1, ]
    • a
    • Czas powstania dzieła (NP)
    • 1989-2000
490 -Strefa serii i książki wielotomowej - forma nie do wyszukiwania [1, ]
    • a
    • Tytuł (P)
    • Biblioteka "Więzi" ; Find
    • v
    • Numeracja (P)
    • t. 72
830 -Hasło dodatkowe serii i opisu książki wielotomowej - tytuł ujednolicony/tytuł [ ,0]
    • a
    • Tytuł ujednolicony/tytuł (NP)
    • Biblioteka "Więzi"
    • x
    • ISSN
    • 0519-9336
    • v
    • Oznaczenie tomu (NP)
    • t. 72
    • 9
    • KHW
    • 9309
080 -Uniwersalna Klasyfikacja Dziesiętna [ , ]
    • a
    • Symbol klasyfikacji
    • 282
    • 9
    • UKD
    • 2696
    • 2
    • Identyfikator wydania tablic
    • UDC-P058
    • b
    • Dopowiedzenie
    • Sunnici.
080 -Uniwersalna Klasyfikacja Dziesiętna [ , ]
    • a
    • Symbol klasyfikacji
    • :296
080 -Uniwersalna Klasyfikacja Dziesiętna [ , ]
    • a
    • Symbol klasyfikacji
    • :323.12(=924)
650 -Hasło przedmiotowe [ ,7]
    • a
    • Hasło przedmiotowe
    • Antysemityzm
    • 2
    • Źródło terminu
    • DBN
    • 9
    • KHW
    • 724208
650 -Hasło przedmiotowe [ ,7]
    • a
    • Hasło przedmiotowe
    • Duchowość żydowska
    • 2
    • Źródło terminu
    • DBN
    • 9
    • KHW
    • 736043
650 -Hasło przedmiotowe [ ,7]
    • a
    • Hasło przedmiotowe
    • Filozofia żydowska
    • 2
    • Źródło terminu
    • DBN
    • 9
    • KHW
    • 736037
650 -Hasło przedmiotowe [ ,7]
    • a
    • Hasło przedmiotowe
    • Judaizm
    • 2
    • Źródło terminu
    • DBN
    • 9
    • KHW
    • 723655
650 -Hasło przedmiotowe [ ,7]
    • a
    • Hasło przedmiotowe
    • Judaizm.
    • 2
    • Źródło terminu
    • kaba
    • 9
    • KHW
    • 112909
650 -Hasło przedmiotowe [ ,7]
    • a
    • Hasło przedmiotowe
    • Kwestia żydowska.
    • 2
    • Źródło terminu
    • kaba
    • 9
    • KHW
    • 116565
650 -Hasło przedmiotowe [ ,7]
    • a
    • Hasło przedmiotowe
    • Przymierze (teologia).
    • 2
    • Źródło terminu
    • kaba
    • 9
    • KHW
    • 145581
650 -Hasło przedmiotowe [ ,7]
    • a
    • Hasło przedmiotowe
    • Antysemityzm
    • x
    • Określnik rzeczowy
    • historia.
    • 2
    • Źródło terminu
    • kaba
    • 9
    • KHW
    • 383593
650 -Hasło przedmiotowe [ ,7]
    • a
    • Hasło przedmiotowe
    • Chrześcijaństwo
    • x
    • Określnik rzeczowy
    • stosunki
    • x
    • Określnik rzeczowy
    • judaizm.
    • 2
    • Źródło terminu
    • kaba
    • 9
    • KHW
    • 104916
650 -Hasło przedmiotowe [ ,7]
    • a
    • Hasło przedmiotowe
    • Judaizm
    • x
    • Określnik rzeczowy
    • stosunki
    • x
    • Określnik rzeczowy
    • chrześcijaństwo.
    • 2
    • Źródło terminu
    • kaba
    • 9
    • KHW
    • 112895
655 -Hasło w funkcji tematu formalnego [ ,7]
    • a
    • Hasło
    • Antologia
    • 2
    • Źródło terminu
    • DBN
    • 9
    • KHW
    • 721472
655 -Hasło w funkcji tematu formalnego [ ,7]
    • a
    • Hasło
    • Esej
    • 2
    • Źródło terminu
    • DBN
    • 9
    • KHW
    • 720949
658 -Ujęcie treści [ , ]
    • a
    • dziedzina nauki i sztuki/ sfera aktywności życiowej
    • Historia
658 -Ujęcie treści [ , ]
    • a
    • dziedzina nauki i sztuki/ sfera aktywności życiowej
    • Religia i duchowość
980 -Symbol UKD [ , ]
    • a
    • UKD
    • 282:296:323.12(=924)
710 -Hasło dodatkowe - nazwa ciała zbiorowego [2, ]
    • a
    • Nazwa ciała zbiorowego lub nazwa geograficzna jako pierwszy element (NP)
    • Biblioteka "Więzi".
    • 4
    • Kod relacji
    • pbl
    • 9
    • KHW
    • 64906
920 -ISBN [ , ]
    • a
    • ISBN
    • 83-85124-96-9 Find
Numer inwentarzowy Status udost. Lokalizacja Data inwentaryzacji
JK.1401BG2002-11-18